LDR 01082naa#a2200193#i#450# 001 RU\\bibl\119757 005 20260413162620.1 011 ## _a2308-8877 100 ## _a20260406b2026####ek#y0rusy0150####ca 102 ## _aRU 200 1# _aСРАВНЕНИЕ СОЦИАЛЬНО-ЭКОНОМИЧЕСКОГО СОСТОЯНИЯ СЕЛЬСКИХ РАЙОНОВ КРАСНОДАРСКОГО КРАЯ С ДРУГИМИ МУНИЦИПАЛЬНЫМИ ОБРАЗОВАНИЯМИ РЕГИОНА _eЖурнальная статья 210 1# _aВоронеж _cВоронежский государственный лесотехнический университет имени Г.Ф. Морозова _d2026 215 ## _a11 с. 608 ## _aЖурнальная статья _2local 675 ## _aЭкономика. Народное хозяйство. Экономические науки. 33 _z 700 #1 _aКухаренко _gАндрей Андреевич 700 #1 _aГайдук _gВладимир Иванович 700 #1 _aБунчиков _gОлег Николаевич 856 4# _aanni.editorum.ru _u